<?xml version="1.0" encoding="UTF-8"?>
<record
    xmlns:xsi="http://www.w3.org/2001/XMLSchema-instance"
    xsi:schemaLocation="http://www.loc.gov/MARC21/slim http://www.loc.gov/standards/marcxml/schema/MARC21slim.xsd"
    xmlns="http://www.loc.gov/MARC21/slim">

  <leader>02188nam a22003257a 4500</leader>
  <datafield tag="999" ind1=" " ind2=" ">
    <subfield code="c">21487</subfield>
    <subfield code="d">21487</subfield>
  </datafield>
  <controlfield tag="003">AR-CdUCM</controlfield>
  <controlfield tag="008">190220b           ||||| |||| 00| 0 spa d</controlfield>
  <datafield tag="020" ind1=" " ind2=" ">
    <subfield code="a">9789972513145</subfield>
  </datafield>
  <datafield tag="040" ind1=" " ind2=" ">
    <subfield code="a">MUNICIPALIDAD PROVINCIAL DEL CUSCO</subfield>
    <subfield code="c">BIBLIOTECA MUNICIPAL DEL CUSCO</subfield>
  </datafield>
  <datafield tag="082" ind1=" " ind2=" ">
    <subfield code="a">305.098/C93</subfield>
    <subfield code="b">C93</subfield>
  </datafield>
  <datafield tag="100" ind1=" " ind2=" ">
    <subfield code="a">Cueto, Marcos</subfield>
  </datafield>
  <datafield tag="245" ind1=" " ind2=" ">
    <subfield code="a">Desarrollo, desigualdades y conflictos sociales :</subfield>
    <subfield code="b">una perspectiva desde los pa&#xED;ses andinos /</subfield>
    <subfield code="c">Marcos Cueto y Adri&#xE1;n Lerner, editores.</subfield>
  </datafield>
  <datafield tag="260" ind1=" " ind2=" ">
    <subfield code="a">Lima :</subfield>
    <subfield code="b">Instituto de Estudios Peruanos, IEP,</subfield>
    <subfield code="c">2011.</subfield>
  </datafield>
  <datafield tag="300" ind1=" " ind2=" ">
    <subfield code="a">245 p&#xE1;ginas. :</subfield>
    <subfield code="b">ilustraciones ;</subfield>
    <subfield code="c">23 cm.</subfield>
  </datafield>
  <datafield tag="440" ind1=" " ind2=" ">
    <subfield code="a">Serie Estudios sobre Desigualdad,</subfield>
    <subfield code="n">01.</subfield>
    <subfield code="9">45012</subfield>
  </datafield>
  <datafield tag="500" ind1=" " ind2=" ">
    <subfield code="z">Bibliograf&#xED;a: p. [223]-241.</subfield>
  </datafield>
  <datafield tag="505" ind1=" " ind2=" ">
    <subfield code="a">Contenido: Presentaci&#xF3;n / Marcos Cueto y Adr&#xED;an Lerner -- Discriminaci&#xF3;n, desigualdad y territorio : nuevas y viejas jerarqu&#xED;as en definici&#xF3;n (Per&#xFA;) / Patricia Ames -- Tecn&#xF3;cratas y egresados de universidades estadounidenses : el saber econ&#xF3;mico en la construcci&#xF3;n neoliberal en Colombia / Consuelo Uribe -- Ciudad, seguridad y racismo (Quito) / Eduardo Kingman -- Clivajes sociales y clivajes pol&#xED;ticos (Bolivia) / Luis Tapia -- Las luchas territoriales en Ecuador y Bolivia. Identidad, naci&#xF3;n y estado / Felipe Burbano -- La arquitectura pol&#xED;tico-institucional de las desigualdades en Bolivia / Fernando Wanderley -- La conflictividad irresuelta. Movimientos sociales; percepciones de desigualdad y crisis de representaci&#xF3;n en el Per&#xFA; / Anah&#xED; Durand -- Los actores sociales en Colombia, entre la violencia y el neoliberalismo el caso de sindicalismo / Mauricio Archila -- La crisis de inclusi&#xF3;n en Am&#xE9;rica Latina : cuatro v&#xED;as para enfrentarla / Luis Reygadas.</subfield>
  </datafield>
  <datafield tag="650" ind1=" " ind2=" ">
    <subfield code="a">Igualdad</subfield>
    <subfield code="9">2595</subfield>
  </datafield>
  <datafield tag="650" ind1=" " ind2=" ">
    <subfield code="a">Conflicto social</subfield>
    <subfield code="9">45013</subfield>
  </datafield>
  <datafield tag="650" ind1=" " ind2=" ">
    <subfield code="a">Desarrollo econ&#xF3;mico</subfield>
    <subfield code="9">1696</subfield>
  </datafield>
  <datafield tag="650" ind1=" " ind2=" ">
    <subfield code="a">Movimientos sociales</subfield>
    <subfield code="9">1450</subfield>
  </datafield>
  <datafield tag="650" ind1=" " ind2=" ">
    <subfield code="a">Regi&#xF3;n Andina</subfield>
    <subfield code="9">15505</subfield>
  </datafield>
  <datafield tag="700" ind1=" " ind2=" ">
    <subfield code="a">Lerner, Adri&#xE1;n [editor]</subfield>
    <subfield code="9">45014</subfield>
  </datafield>
  <datafield tag="700" ind1=" " ind2=" ">
    <subfield code="a">Ames Ramello, Patricia</subfield>
    <subfield code="9">23924</subfield>
  </datafield>
  <datafield tag="700" ind1=" " ind2=" ">
    <subfield code="a">Uribe Mallarino, Consuelo</subfield>
    <subfield code="9">45015</subfield>
  </datafield>
  <datafield tag="700" ind1=" " ind2=" ">
    <subfield code="a">Durand Guevara, Anah&#xED;</subfield>
    <subfield code="9">45016</subfield>
  </datafield>
  <datafield tag="710" ind1=" " ind2=" ">
    <subfield code="a">Instituto de Estudios Peruanos (Lima)</subfield>
    <subfield code="9">9759</subfield>
  </datafield>
  <datafield tag="942" ind1=" " ind2=" ">
    <subfield code="2">ddc</subfield>
    <subfield code="c">LIBROS</subfield>
  </datafield>
  <datafield tag="945" ind1=" " ind2=" ">
    <subfield code="a">Roel</subfield>
  </datafield>
  <datafield tag="952" ind1=" " ind2=" ">
    <subfield code="0">0</subfield>
    <subfield code="2">ddc</subfield>
    <subfield code="4">0</subfield>
    <subfield code="7">0</subfield>
    <subfield code="a">SH</subfield>
    <subfield code="b">SH</subfield>
    <subfield code="c">CART</subfield>
    <subfield code="d">2020-09-14</subfield>
    <subfield code="e">Compra</subfield>
    <subfield code="g">50.00</subfield>
    <subfield code="o">305.098/C93</subfield>
    <subfield code="p">SH0000015861</subfield>
    <subfield code="r">2020-09-14</subfield>
    <subfield code="y">LIBROS</subfield>
  </datafield>
  <datafield tag="952" ind1=" " ind2=" ">
    <subfield code="0">0</subfield>
    <subfield code="2">ddc</subfield>
    <subfield code="4">0</subfield>
    <subfield code="7">0</subfield>
    <subfield code="a">SH</subfield>
    <subfield code="b">SH</subfield>
    <subfield code="c">CART</subfield>
    <subfield code="d">2020-09-14</subfield>
    <subfield code="e">Compra</subfield>
    <subfield code="g">50.00</subfield>
    <subfield code="o">305.098/C93/e.2</subfield>
    <subfield code="p">SH0000015862</subfield>
    <subfield code="r">2020-09-14</subfield>
    <subfield code="y">LIBROS</subfield>
  </datafield>
</record>
